Reuniones de chiquillos
-д хадгалсан:
| Үндсэн зохиолчид: | , |
|---|---|
| Формат: | Ном |
| Хэл сонгох: | испани |
| Хэвлэсэн: |
Santiago
ONAC
1979
|
| Нөхцлүүд: | |
| Шошгууд: |
Шошго нэмэх
Шошго байхгүй, Энэхүү баримтыг шошголох эхний хүн болох!
|
MARC
| LEADER | 00000nam a2200000 a 4500 | ||
|---|---|---|---|
| 001 | UCL5132 | ||
| 003 | CL-VaPUC | ||
| 008 | 040305e19790000CL |||||||||||||||||spa|d | ||
| 082 | 0 | 4 | |a 268.432 |b GAR |2 21 |
| 100 | |a García Ahumada, Enrique |e author |9 600813 | ||
| 700 | 0 | |a Espinoza Olguín, Luis |e author |9 482818 | |
| 245 | 1 | 0 | |a Reuniones de chiquillos |
| 300 | |a 70 p | ||
| 942 | |c BK | ||
| 945 | |d 20040305 00:00:00 |a vberengu | ||
| 260 | |a Santiago |b ONAC |c 1979 | ||
| 650 | 0 | |a Catequesis |9 314526 | |
| 650 | 0 | |a Educación religiosa |9 308312 | |
| 583 | |a last modification |c 20040305 00:00:00 |k Rodrigo Vera | ||
| 999 | |c 307801 |d 307799 | ||
| 952 | |0 0 |1 0 |4 0 |6 268_432000000000000_GAR_1979 |7 0 |8 A |9 373924 |a BIBTEO |b BIBTEO |d 2019-11-21 |i 2104369 |o 268.432 GAR 1979 |p 2104369 |r 2025-01-17 |w 2019-11-21 |y BK |k ICR | ||